Obstetrics by Ten Teachers (Record no. 261)

MARC details
000 -LEADER
fixed length control field 00538nam a22002057a 4500
003 - CONTROL NUMBER IDENTIFIER
control field OSt
005 - DATE AND TIME OF LATEST TRANSACTION
control field 20140717184430.0
008 - FIXED-LENGTH DATA ELEMENTS--GENERAL INFORMATION
fixed length control field 140717b xxu||||| |||| 00| 0 eng d
020 ## - INTERNATIONAL STANDARD BOOK NUMBER
International Standard Book Number 0340760958
040 ## - CATALOGING SOURCE
Transcribing agency DNLM
082 ## - DEWEY DECIMAL CLASSIFICATION NUMBER
Classification number WQ100 O7s 2000
Item number O
245 ## - TITLE STATEMENT
Title Obstetrics by Ten Teachers
250 ## - EDITION STATEMENT
Edition statement 17th ed.
260 ## - PUBLICATION, DISTRIBUTION, ETC. (IMPRINT)
Place of publication, distribution, etc. London:
Name of publisher, distributor, etc. Bookpower,
Date of publication, distribution, etc. 2000
300 ## - PHYSICAL DESCRIPTION
Extent viii,374p;
Other physical details col.ill:
Dimensions 24.5cm
504 ## - BIBLIOGRAPHY, ETC. NOTE
Bibliography, etc Index included
650 ## - SUBJECT ADDED ENTRY--TOPICAL TERM
Topical term or geographic name as entry element Obstetrics
9 (RLIN) 5
700 ## - ADDED ENTRY--PERSONAL NAME
Personal name Edited by Stuart Campbell, Christopher Lees
9 (RLIN) 707
942 ## - ADDED ENTRY ELEMENTS (KOHA)
Source of classification or shelving scheme Other/Generic Classification Scheme
Koha item type Book Bank
Holdings
Withdrawn status Lost status Source of classification or shelving scheme Damaged status Not for loan Home library Current library Date acquired Source of acquisition Inventory number Total Checkouts Full call number Barcode Date last seen Date last checked out Koha item type
    Other/Generic Classification Scheme     MUST Main Library MUST Main Library 17/07/2014   04/21368 1 WQ100 O7s 2000 O 2014-1146 21/01/2021 04/02/2020 Book Bank
    Other/Generic Classification Scheme     MUST Main Library MUST Main Library 17/07/2014 Purchase 04/21367 1 WQ100 O7s 2000 O 2014-1147 03/06/2021 16/02/2021 Book Bank
    Other/Generic Classification Scheme     MUST Main Library MUST Main Library 17/07/2014   04/21361   WQ100 O7s 2000 O 2014-1148 29/11/2019   Book Bank
    Other/Generic Classification Scheme     MUST Main Library MUST Main Library 17/07/2014   04/21360   WQ100 O7s 2000 O 2014-1149 17/07/2014   Book Bank
    Other/Generic Classification Scheme     MUST Main Library MUST Main Library 17/07/2014   04/21371   WQ100 O7s 2000 O 2014-1150 17/07/2014   Book Bank
    Other/Generic Classification Scheme     MUST Main Library MUST Main Library 17/07/2014   04/21358   WQ100 O7s 2000 O 2014-1151 17/07/2014   Book Bank
    Other/Generic Classification Scheme     MUST Main Library MUST Main Library 17/07/2014   04/21356   WQ100 O7s 2000 O 2014-1152 17/07/2014   Book Bank
    Other/Generic Classification Scheme     MUST Main Library MUST Main Library 31/03/2015 Purchase 04/121221   WQ100 O7s 2000 2015-0750 31/03/2015   Short Loan
    Other/Generic Classification Scheme     MUST Main Library MUST Main Library 31/03/2015 Purchase 04/21222   WQ100 O7s 2000 2015-0751 31/03/2015   Short Loan